000 00541nam a22001937a 4500
003 0
005 20250315144541.0
008 250315b xxu||||| |||| 00| 0 eng d
020 _a978-0-19-913413-7
050 _aHB 171.5
_bM69 2000
100 _aMoynihan, Dan
245 _aEconomics:
_ba complete course
_cDan Moynihan
250 _aThird edition
260 _aNew York
_bOxford Press
_c2000
300 _a439pages ;
_c26cm.
504 _aIncludes bibliographical references and index.
650 _aEconomics.
942 _2lcc
_cBK
999 _c367297
_d367297